000 00703nam a22002177a 4500
003 UA-OsUOA
001 118299
007 ta
008 20160728b un ||||| |||| 00| 0 ukr d
100 _aШпичак О.М.
090 _a330(477)
_bШ83
942 _cSA
040 _aUA-OsUOA
_bfre
_cUA-OsUOA
_dUA-OsUOA
245 _aПроблеми ціноутворення в контексті купівельної спроможності населення та інфляційних процесів
300 _aС.59-71
955 _a0
041 _afre
080 _a330(477)
773 0 _w118296
_tЕкономіка АПК
_dК.
_d2016
_g6
650 7 _a330 Економіка взагалі
_2UDC
999 _c404367
_d404367